La vida de los hombres infames. Ensayos sobre desviación y dominación.
Guardat en:
| Autor principal: | |
|---|---|
| Altres autors: | , , |
| Format: | Llibre |
| Idioma: | espanyol |
| Publicat: |
Madrid, España:
Las Ediciones de La Piqueta,
1990.
|
| Col·lecció: | Genealogía del poder,
|
| Matèries: | |
| Etiquetes: |
Afegir etiqueta
Sense etiquetes, Sigues el primer a etiquetar aquest registre!
|
MARC
| LEADER | 00000cam a2200000 a 4500 | ||
|---|---|---|---|
| 001 | UCI9272 | ||
| 003 | CL-VaPUC | ||
| 005 | 20250313110309.0 | ||
| 008 | 081106t19900000AG |||||||||||||||||spa|d | ||
| 999 | |c 445872 |d 445870 | ||
| 020 | |a 84-7443-046-1 | ||
| 040 | |c Pontificia Universidad Católica de Valparaíso | ||
| 082 | 0 | 4 | |a 320.011 FOU 1990 |2 21 |
| 100 | |a Foucault, Michel, |d 1926-1984 |e autor |9 867318 | ||
| 245 | 1 | 3 | |a La vida de los hombres infames. |b Ensayos sobre desviación y dominación. |
| 260 | |a Madrid, España: |b Las Ediciones de La Piqueta, |c 1990. | ||
| 300 | |a 317 páginas. | ||
| 490 | 0 | |a Genealogía del poder, |n 18. | |
| 500 | |a c.1: Donación. Memo EDU. 4-11-2024. | ||
| 583 | |a last modification |c 20131216 03:09:47 |k Yessy Sthefany Diaz Vidal | ||
| 650 | 0 | |a Filosofía política |y Siglo 20 |9 295215 | |
| 650 | 0 | |a Racionalidad |9 323325 |x Política y medicina |v Aspectos filosóficos | |
| 650 | 0 | |a Poder |9 295231 |x Medicina y psiquiatría |v Análisis crítico |y Siglos 15-18 |z Europa | |
| 700 | |9 706207 |a Savater, Fernando |e presentación | ||
| 700 | |9 894113 |a Varela, Julia |e edición y traducción | ||
| 700 | |9 894114 |a Álvarez Uría, Fernando |e edición y traducción | ||
| 942 | |c BK |2 ddc | ||
| 945 | |d 20081106 00:00:00 |a rbrito | ||
| 952 | |0 0 |1 0 |2 ddc |4 0 |6 320_011000000000000_FOU_1990 |7 0 |8 A |9 598189 |a BIBEDU |b BIBEDU |d 2024-11-21 |e Donación |i 5663329 |l 1 |o 320.011 FOU 1990 |p 5663329 |r 2025-01-13 |s 2024-12-12 |t 1 |w 2024-11-21 |y BK |k EDU | ||